000 00568cam a22002291 4500
001 sa 67006345
003 DLC
005 20260227112406.0
008 940805s1966 ii 000 0 pano
010 _asa 67006345
025 _aPL480:I-Pu-874
035 _a(OCoLC)30890890
040 _aDLC
_cCU
_dCU
_dDLC
042 _apremarc
050 0 0 _aPK2659.G6
_bZ5 1966
100 0 _aGobind Singh,
_cGuru,
_d1666-1708.
245 1 0 _aSrī bacittra nāṭaka.
260 _c[1966]
300 _a96 p.
_c25 cm.
500 _aIn Panjabi.
700 1 _aSiṅgha, Bishana.
999 _c75878
_d75878